000 00523nam a2200181Ia 4500
008 090123s9999 xx 000 0 und d
082 _b14592
_a891.463/टाकळ
100 _aटाकळकर गोपाळ
245 _aअध:पात
250 _a1
260 _bश्रध्दा प्रकाशन
300 _a236
600 _aटाकळकर गोपाळ
630 _aअध:पात
700 _aटाकळकर गोपाळ
730 _aअध:पात
942 _cBOOK
999 _c52653
_d52653